Teoría básica de la electrotecnia /
Guardado en:
| Autor Principal: | |
|---|---|
| Formato: | Libro |
| Idioma: | Spanish |
| Publicado: |
Buenos Aires :
Eudeba, Editorial Universitaria de Buenos Aires,
1971.
|
| Edición: | 2a. ed. |
| Series: | Manuales de EUDEBA. Ingeniería.
|
| Materias: | |
| Etiquetas: |
Agregar Etiqueta
Sin Etiquetas, Sea el primero en etiquetar este registro!
|
| LEADER | 00715nam a22001815a 4500 | ||
|---|---|---|---|
| 001 | EUN.eunm001958 | ||
| 008 | 041125s1971####ag#a##########000#0#spa#d | ||
| 005 | 20251222090408.0 | ||
| 245 | 1 | 0 | |a Teoría básica de la electrotecnia / |c Marcelo Antonio Sobrevila. |
| 250 | |a 2a. ed. | ||
| 260 | |a Buenos Aires : |b Eudeba, Editorial Universitaria de Buenos Aires, |c 1971. | ||
| 300 | |a vii, 87 p. : |b il. ; |c 23 cm. | ||
| 440 | 0 | |a Manuales de EUDEBA. |p Ingeniería. | |
| 100 | 1 | |a Sobrevila, Marcelo A., |d 1922-2012, |e autor. |4 aut | |
| 082 | 0 | 4 | |a 621.3 |2 21 |
| 650 | 7 | |a Ingeniería eléctrica. |2 unbist | |
| 859 | |a AR-BaUNS |b BIB. CENTRAL - Sector A |h 621.3 |i So12 |p 70117/974 | ||
| 859 | |a AR-BaUNS |b BIB. CENTRAL - Sector A |h 621.3 |i So12 |p 73464/975 |t Ej.2 | ||
